000 00427nam a22001577a 4500
020 _a978935121526-4
082 _a823
_bSTO/U
100 _aSTOWE, HARRIET BEECHER
245 _aUNCLE TOM'S CABIN
_bILLUSTRATED CLASSICS
246 _aUNCLE TOM'S CABIN
_bILLUSTRATED CLASSICS
260 _aNEW DELHI
_bBPI INDIA PVT. LTD
_c2017
300 _a144
520 _aILLUSTRATED CLASSICS
650 _aILLUSTRATED CLASSICS
942 _cBK
999 _c2836
_d2836